Normal view MARC view
  • Unidroit Convention on Stolen or Illegally Exported Cultural Objects (

Entry Corporate Name

Number of records used in: 1

001 - CONTROL NUMBER

  • control field: 4448

003 - CONTROL NUMBER IDENTIFIER

  • control field: OSt

005 - DATE AND TIME OF LATEST TRANSACTION

  • control field: 20190806150233.0

008 - FIXED-LENGTH DATA ELEMENTS

  • fixed length control field: 000000 a

040 ## - CATALOGING SOURCE

  • Original cataloging agency: OSt
  • Transcribing agency: OSt

110 ## - HEADING--CORPORATE NAME

  • Corporate name or jurisdiction name as entry element: Unidroit Convention on Stolen or Illegally Exported Cultural Objects (
  • Date of meeting or treaty signing: 1995
  • Location of meeting: Rome )

410 ## - SEE FROM TRACING--CORPORATE NAME

  • Corporate name or jurisdiction name as entry element: International Institute for the Unification of Private Law Convention on Stolen or Illegally Exported Cultural Objects